000
00304nam a22001337a 4500
008
180911b xxu||||| |||| 00| 0 eng d
020
_a
0830690506
041
_a
eng
080
_a
621
100
_a
26
101
_a
MEK
245
_a
Automotive Air Conditioning Handbook
_c
Traister, J
942
_2
udc
_c
BK
999
_c
47684
_d
47684